World Religion Quiz - Statistics

General Stats
  • This quiz has been taken 41 times
    36 since last reset
  • The average score is 8 of 25
Answer Stats
Hint Answer % Correct
Buddhism India
71%
Christianity Israel
71%
Christianity Bible
67%
Hinduism India
67%
Judaism Israel
67%
Christianity Jesus
67%
Judaism Torah
52%
Islam Muhammad
43%
Islam Koran
38%
Hinduism Vedas
38%
Islam Mecca
33%
Hinduism 2000 BCE
24%
Hinduism None
24%
Judaism 2000 BCE
19%
Christianity 33 CE
14%
Judaism 10 commandments
10%
Buddhism 560 BCE
10%
Islam 5 pillars
10%
Islam 610 CE
10%
Judaism Abraham and Sarah
10%
Christianity Beatitudes
10%
Buddhism Four noble truths
10%
Buddhism Gautama Buddha
10%
Hinduism Monism
10%
Buddhism Sutras
10%
No matching quizzes found
Score Distribution
Percent of People with Each Score
Percentile by Number Answered
Your Score History
You have not taken this quiz since the last reset